000 00386nam a2200157Ia 4500
008 230711s9999||||xx |||||||||||||| ||und||
041 _aENG
082 _a4
_bVA-S
100 _aValade,Janet
245 0 _aSpring into linux : the smart professional choice
250 _a1st Ed.
260 _c2006
_aNew Delhi
_bPearson
300 _a336
650 _aComputer Engineering
942 _cBK
999 _c4599
_d4599